| 000 | 00702nam a2200265 a 4500 | ||
|---|---|---|---|
| 001 | nice12345678 | ||
| 003 | IN_TiNIC | ||
| 005 | 20260116013045.0 | ||
| 008 | 050524s1988 chia grp 000 0 eng | ||
| 020 |
_a022605 _c1102.5 |
||
| 082 | 0 | 0 |
_a297.1977 _bBIN |
| 100 | _aBinder, Leonard | ||
| 245 |
_aIslamic Liberalism _b a Critique of Development Ideologies |
||
| 260 |
_aChicago _bUniversity of Chicago Press _c1988 |
||
| 300 | _a399p | ||
| 500 | _aincludes index and biblioraphy | ||
| 505 | 2 | _aIndex | |
| 650 | _aIslam-20th Century | ||
| 650 | _aIslam and Politics | ||
| 650 | _aIslam and State | ||
| 700 | 1 | _aBinder, Leonard | |
| 902 | _bSRS | ||
| 942 | _cBK | ||
| 999 |
_c9462 _d9462 |
||